Normal view
MARC view
Entry Geographic Name
001 - CONTROL NUMBER
- control field: 52476
003 - CONTROL NUMBER IDENTIFIER
- control field: ARRUPE
005 - DATE AND TIME OF LATEST TRANSACTION
- control field: 20240216103152.0
008 - FIXED-LENGTH DATA ELEMENTS
- fixed length control field: 240216|| aca||aabn | a|a d
040 ## - CATALOGING SOURCE
- Original cataloging agency: ARRUPE
- Transcribing agency: ARRUPE
151 ## - HEADING--GEOGRAPHIC NAME
- Geographic name: Japan
- General subdivision: Politics and government
- Chronological subdivision: 1912-1945
670 ## - SOURCE DATA FOUND
- Source citation: Work cat.: (ARRUPE)131808: Tokayer, Marvin, 1936- 52473, The fugu plan :, c1979.